000 00676nam a2200133Ia 4500
008 220615s9999||||xx |||||||||||||| ||und||
100 _aStrathern, Marilyn
245 0 _aBefore and After Gender
_bSexual Mythologies of Everyday Life
546 _aEnglish[eng]
650 _aAnthropology||papua new guinea||africa||uk||united kingdom||feminism||sex||gender||Bemba language||Division of labour||Sexual intercourse
700 _aFranklin, Sarah
856 _uhttps://library.oapen.org/bitstream/20.500.12657/30246/1/648332.pdf||https://library.oapen.org/bitstream/20.500.12657/30246/1/648332.pdf||https://library.oapen.org/bitstream/20.500.12657/30246/1/648332.pdf
942 _cEB
999 _c17871
_d17871